Manual de colocación del vidrio plano para la construcción (Registro nro. 2919)
[ vista simple ]
| 000 -LEADER | |
|---|---|
| longitud fija campo de control | 00574Cam#a22002055a#4500 |
| 003 - IDENTIFICADOR DE NUMERO DE CONTROL | |
| control del campo | AR-RoUNA |
| 008 - CAMPO DE CONTROL - LIBROS | |
| longitud fija campo de control | 140529||||||||||||||||| |||| 0|||| d |
| 040 ## - ORIGEN DE LA CATALOGACION | |
| Agencia que cataloga la obra original | AR-RoUNA |
| Idioma en que se cataloga | spa |
| 041 ## - CODIGO DE IDIOMA | |
| Codigo de idioma del texto / sonido o titulo separado | spa |
| 080 ## - CDU | |
| Numero de clasificacion | 691.6 |
| 092 ## - SIGNATURA TOPOGRAFICA | |
| Libristica | P493 |
| 100 1# - ASIENTO PRINCIPAL - NOMBRE PERSONAL | |
| Nombre personal | Petracca, Antonio |
| 9 (RLIN) | 17803 |
| 110 2# - ASIENTO PRINCIPAL - AUTOR INSTITUCIONAL | |
| Nombre corporativo o de jurisdiccion como elemento de entrada | Cámara del vidrio plano y sus manufacturas |
| 9 (RLIN) | 17804 |
| 245 ## - TITULO PROPIAMENTE DICHO | |
| Titulo | Manual de colocación del vidrio plano para la construcción |
| 260 ## - EDITORIAL - PUBLICACION, DISTRIBUCION, ETC. (Pie de imprenta) | |
| Lugar de publicacion, distribucion, etc | Buenos Aires : |
| Nombre del editor, distribuidor, etc | Camara Del Vidrio, |
| Fecha de publicacion | 1982 |
| 300 ## - DESCRIPCION FISICA | |
| Extension | 87 p. : |
| Otros detalles fisicos | dib., |
| -- | figuras, |
| 653 ## - MATERIA - PALABRAS CLAVES | |
| Palabras claves | Vidrios |
| 930 ## - ACCESION | |
| Numero de accesion (NR) | 6798 |
| 945 ## - INFORMACION DE PROCESAMIENTO | |
| Fecha de ingreso o modificacion | 2026-03-30 |
| 980 ## - DECLARACIÓN DE EQUIVALENCIA O SERIE DE REFERENCIA CRUZADA - NOMBRE / TÍTULO PERSONAL [LOCAL, CANADÁ] | |
| Código del operador que modifico el registro | 5 |
| Nombre del operador que modifico el registro | María Machado |
| Estado retiro | Estado perdido | Sistema de clasificacion | Estado general | Biblioteca de origen | Ubicacion actual | Fecha de adquisicion | Prestamos totales | Signatura y librística | Proveedor | Tipo de elemento KOHA |
|---|---|---|---|---|---|---|---|---|---|---|
| Disponible | Disponible | cdu | No dañado | Arq. Hilarión H. Larguia | Arq. Hilarión H. Larguia | 29/05/2014 | 691.6 P493 | 10281 | Libro |